Informe sobre la situación de las mujeres en Centroamérica y Panamá

Guardado en:
書目詳細資料
主要作者: García, Ana Isabel
企業作者: FLACSO
格式: Texto
出版: San José: FLACSO
標簽: 添加標簽
沒有標簽, 成為第一個標記此記錄!

MARC

LEADER 00000 a a2200000 04500
001 24187
003
040
090 |a 171500  
100 |a García, Ana Isabel  
110 |a FLACSO  
245 |a Informe sobre la situación de las mujeres en Centroamérica y Panamá  
260 |a San José:   |b FLACSO  
300 |a 29 p.   |b **no definido**  
999 |c 16218  |d 16218